01099namaa22002411i 450000500170000000800410001704000430005804100180010110000380011924502050015724601360036226400100049830000470050833600220055533700250057733800230060250200420062550400320066765300530069970000360075270000350078870000340082320260301113919.0260209s1995 ua a|||frm||| 000 0 eng d aEG-GICUCbengcEG-GICUCdEG-GICUCerda0 aengbengbara0 aMansour Abbas Eid, epreparation.10aGeological and sedimentological studies of the cretaceous rocks east central Sinai Egypt / cBy Mansour Abbas Eid; Supervised By Prof. Dr. A. M. Abdallah, Prof. Dr. Dr. M. A. Khalifa, Dr. A. A. Dardir15aدراسات و جيولوجية و رسوبية لصخور العصر الطباشيرى فى وسط و شرق سيناء - مصر 0c1995. a261 Leaves : billustrations ; c30 cm. +  2rda contentatext 2rdamediaaUnmediated 2rdacarrieravolume aThesis (Ph.D)-Cairo University, 1995. aBibliography: pages 245-261 0aGeology aCretaceous rocks-centeral sinai- egypt0 aA. M. Abdallahethesis advisor.0 aM. A. Khalifaethesis advisor.0 aA. A. Dardirethesis advisor.